000
00292nam a22000977a 4500
008
231013b |||||||| |||| 00| 0 eng d
020
_a
9789353450205
100
_a
Sardesai Rajdeep
_9
4670
245
_a
Democracy's XI (The Great Indian Cricket History)
260
_a
New Delhi
_b
Juggernet Books
_c
2017
999
_c
12449
_d
12449